Music and Social Justice in the East African Church : (Record no. 68523)
[ view plain ]
| 000 -LEADER | |
|---|---|
| fixed length control field | 01005cam a22003258i 4500 |
| 001 - CONTROL NUMBER | |
| control field | 24001258 |
| 003 - CONTROL NUMBER IDENTIFIER | |
| control field | OSt |
| 005 - DATE AND TIME OF LATEST TRANSACTION | |
| control field | 20250717124253.0 |
| 006 - FIXED-LENGTH DATA ELEMENTS--ADDITIONAL MATERIAL CHARACTERISTICS--GENERAL INFORMATION | |
| fixed length control field | m |o d | |
| 007 - PHYSICAL DESCRIPTION FIXED FIELD--GENERAL INFORMATION | |
| fixed length control field | cr_||||||||||| |
| 008 - FIXED-LENGTH DATA ELEMENTS--GENERAL INFORMATION | |
| fixed length control field | 241219s2025 pau ob 001 0deng |
| 010 ## - LIBRARY OF CONGRESS CONTROL NUMBER | |
| LC control number | 2024444446 |
| 035 ## - SYSTEM CONTROL NUMBER | |
| System control number | 24001258 |
| 040 ## - CATALOGING SOURCE | |
| Original cataloging agency | DLC |
| Language of cataloging | eng |
| Transcribing agency | DLC |
| Description conventions | rda |
| 042 ## - AUTHENTICATION CODE | |
| Authentication code | pcc |
| 050 00 - LIBRARY OF CONGRESS CALL NUMBER | |
| Classification number | ML3918 |
| Item number | .K54 2025 |
| 082 00 - DEWEY DECIMAL CLASSIFICATION NUMBER | |
| Classification number | 306.4/84249 |
| Edition number | 23/eng/20241226 |
| 100 1# - MAIN ENTRY--PERSONAL NAME | |
| Personal name | Kigame Reuben |
| 9 (RLIN) | 48144 |
| 245 10 - TITLE STATEMENT | |
| Title | Music and Social Justice in the East African Church : |
| Remainder of title | Lessons from the discographies of Garth Hewitt, Mahalia Jackson and Juliani |
| Statement of responsibility, etc | Reuben Kigame |
| 260 ## - PUBLICATION, DISTRIBUTION, ETC. (IMPRINT) | |
| Place of publication, distribution, etc | Nairobi |
| Date of publication, distribution, etc | 2025 |
| 300 ## - PHYSICAL DESCRIPTION | |
| Extent | xvii,420p |
| 504 ## - BIBLIOGRAPHY, ETC. NOTE | |
| Bibliography, etc | Includes bibliographical references |
| 650 #0 - SUBJECT ADDED ENTRY--TOPICAL TERM | |
| Topical term or geographic name as entry element | Music |
| General subdivision | Social aspects. |
| 9 (RLIN) | 58277 |
| 650 #0 - SUBJECT ADDED ENTRY--TOPICAL TERM | |
| Topical term or geographic name as entry element | Music |
| General subdivision | criticism. |
| 9 (RLIN) | 58278 |
| 650 #0 - SUBJECT ADDED ENTRY--TOPICAL TERM | |
| Topical term or geographic name as entry element | musicians. |
| 9 (RLIN) | 58279 |
| 650 #0 - SUBJECT ADDED ENTRY--TOPICAL TERM | |
| Topical term or geographic name as entry element | Social justice. |
| 9 (RLIN) | 58280 |
| 906 ## - LOCAL DATA ELEMENT F, LDF (RLIN) | |
| a | 7 |
| b | cbc |
| c | orignew |
| d | 1 |
| e | ecip |
| f | 20 |
| g | y-gencatlg |
| 942 ## - ADDED ENTRY ELEMENTS (KOHA) | |
| Source of classification or shelving scheme | Library of Congress Classification |
| Koha item type | Books |
| Withdrawn status | Lost status | Source of classification or shelving scheme | Damaged status | Not for loan | Collection code | Home library | Current library | Shelving location | Date acquired | Source of acquisition | Cost, normal purchase price | Total Checkouts | Full call number | Barcode | Date last seen | Copy number | Cost, replacement price | Price effective from | Koha item type |
|---|---|---|---|---|---|---|---|---|---|---|---|---|---|---|---|---|---|---|---|
| Library of Congress Classification | General Circulation | AIU/NEGST - Tony Wilmot Memorial Library | AIU/NEGST - Tony Wilmot Memorial Library | Processing Center | 07/17/2025 | Donation-Reuben Kigame | 20.00 | ML3918 .K54 2025 | T01216W3232 | 07/17/2025 | 1 | 20.00 | 07/17/2025 | Books | |||||
| Library of Congress Classification | Thesis | AIU/NEGST - Tony Wilmot Memorial Library | AIU/NEGST - Tony Wilmot Memorial Library | Thesis in Reference | 07/17/2025 | Donation-Reuben Kigame | 20.00 | THE ML3918 .K54 2025 | T01219W3232 | 07/17/2025 | 2 | 20.00 | 07/17/2025 | Africana Collection (Special) |
